Essentials of dermatology, (Record no. 90669)
[ view plain ]
| 000 -LEADER | |
|---|---|
| fixed length control field | 00800cam a22002411 4500 |
| 001 - CONTROL NUMBER | |
| control field | sg 45000274 |
| 003 - CONTROL NUMBER IDENTIFIER | |
| control field | DLC |
| 005 - DATE AND TIME OF LATEST TRANSACTION | |
| control field | 20260227112746.0 |
| 008 - FIXED-LENGTH DATA ELEMENTS--GENERAL INFORMATION | |
| fixed length control field | 810920s1945 xx af 000 0 eng |
| 010 ## - LIBRARY OF CONGRESS CONTROL NUMBER | |
| LC control number | sg 45000274 |
| 035 ## - SYSTEM CONTROL NUMBER | |
| System control number | (OCoLC)14752079 |
| 040 ## - CATALOGING SOURCE | |
| Original cataloging agency | DLC |
| Transcribing agency | DNLM |
| Modifying agency | OCoLC |
| -- | DLC |
| 042 ## - AUTHENTICATION CODE | |
| Authentication code | premarc |
| 050 00 - LIBRARY OF CONGRESS CALL NUMBER | |
| Classification number | RL71 |
| Item number | .T55 1945 |
| 060 0# - NATIONAL LIBRARY OF MEDICINE CALL NUMBER | |
| Classification number | WR 140 |
| Item number | T629e 1945 |
| 100 1# - MAIN ENTRY--PERSONAL NAME | |
| Personal name | Tobias, Norman, |
| Dates associated with a name | 1898- |
| 245 10 - TITLE STATEMENT | |
| Title | Essentials of dermatology, |
| Statement of responsibility, etc. | by Norman Tobias ... |
| 250 ## - EDITION STATEMENT | |
| Edition statement | 2d ed. |
| 260 ## - PUBLICATION, DISTRIBUTION, ETC. | |
| Place of publication, distribution, etc. | Philadelphia [etc.] |
| Name of publisher, distributor, etc. | J.B. Lippincott company |
| Date of publication, distribution, etc. | [c1945] |
| 300 ## - PHYSICAL DESCRIPTION | |
| Extent | xiv, 497 p. |
| Other physical details | ill., plates. |
| 500 ## - GENERAL NOTE | |
| General note | "Second impression, with new material." |
| 500 ## - GENERAL NOTE | |
| General note | "The use of the sulfonamide drugs in dermatology" on front lining-paper. "Table of normal values" on end lining-paper. |
No items available.